000 00641 a2200205 4500
003 OSt
005 20230410144418.0
008 220801s2009 mx a||||r|||| 00| 0 spa d
020 _a9786071701596
040 _cCHAP
082 0 0 _a636.08977
_bT61
_222
100 1 _9113428
_aTista Olmos, Ciriaco
245 1 0 _aOftalmología en animales /
_cpor Ciriaco Tista Olmos
264 1 _aMéxico :
_bTrillas,
_c2009.
300 _a182 páginas.
_bfiguras, cuadros.
504 _aIncluye glosario, bibliografía y índice analítico.
650 2 _9186621
_aOftalmología veterinaria
650 2 _9137478
_aMedicina veterinaria
942 _2ddc
_cLIBRO
999 _c217420
_d217420